000 00492cam a2200205 a 4500
001 519110
005 20180131034228.0
008 870522s1987 maua 001 0 eng
010 _a 86081298
020 _a0395390672
040 _aDLC
_cDLC
_dDLC
041 _aeng
080 _a428.2 PER
082 0 0 _a428.2 PER
_219
100 1 _a47
101 _aEDU
245 1 4 _aThe Beacon handbook /
_cRobert Perrin.
906 _a7
_bcbc
_corignew
_d2
_eopcn
_f19
_gy-gencatlg
942 _2ddc
_cBK
999 _c41324
_d41324